Nghiên cứu giải pháp bảo vệ bờ sông, kênh rạch ở Đồng bằng sông Cửu Long bằng túi vải địa kỹ thuật D-Box : Báo cáo tổng kết đề tài Khoa học và Công nghệ cấp trường

Nghiên cứu giải pháp bảo vệ bờ sông và rạch bằng túi vải địa kỹ thuật, tính ổn định và thân thiện với môi trường, tạo cảnh quan sinh thái.

Na minha lista:
Detalhes bibliográficos
Autor principal: Cù, Ngọc Thắng
Formato: Livro
Idioma:Undetermined
Publicado em: Cần Thơ Trường Đại học Cần Thơ 2018
Assuntos:
Tags: Adicionar Tag
Sem tags, seja o primeiro a adicionar uma tag!
Thư viện lưu trữ: Trung tâm Học liệu Trường Đại học Cần Thơ
LEADER 01102nam a2200217Ia 4500
001 CTU_229273
008 210402s9999 xx 000 0 und d
082 |a 627.12 
082 |b Th116 
088 |a T2018-09 
100 |a Cù, Ngọc Thắng 
245 0 |a Nghiên cứu giải pháp bảo vệ bờ sông, kênh rạch ở Đồng bằng sông Cửu Long bằng túi vải địa kỹ thuật D-Box : 
245 0 |b Báo cáo tổng kết đề tài Khoa học và Công nghệ cấp trường 
245 0 |c Cù Ngọc Thắng (Chủ nhiệm đề tài) 
260 |a Cần Thơ 
260 |b Trường Đại học Cần Thơ 
260 |c 2018 
520 |a Nghiên cứu giải pháp bảo vệ bờ sông và rạch bằng túi vải địa kỹ thuật, tính ổn định và thân thiện với môi trường, tạo cảnh quan sinh thái. 
650 |a Phân tích nguy cơ sạt lở,Landslide hazard analysis 
910 |b nthai 
980 |a Trung tâm Học liệu Trường Đại học Cần Thơ